[Event "Linares 11th"]
[Site "Linares"]
[Date "1993.??.??"]
[Round "3"]
[White "Shirov, Alexei"]
[Black "Salov, Valery"]
[Result "0-1"]
[WhiteElo "2670"]
[BlackElo "2660"]
[Annotator "Boensch,U"]
[PlyCount "80"]
[EventDate "1993.02.??"]
[EventType "tourn"]
[EventRounds "13"]
[EventCountry "ESP"]
[EventCategory "18"]
[SourceTitle "CBM 034"]
[Source "ChessBase"]
[SourceDate "1993.06.01"]
[SourceVersion "1"]
[SourceVersionDate "1993.06.01"]
[SourceQuality "1"]

1. e4 c5 2. Nf3 Nc6 3. d4 cxd4 4. Nxd4 e6 5. Nc3 d6 6. g4 a6 7. Be3 Nge7 8. Nb3
(8. Qe2 Nxd4 9. Bxd4 Nc6 10. Be3 Be7 (10... b5 $5 11. O-O-O Qa5 12. Kb1 b4 13.
Nd5 $13) 11. O-O-O b5 12. f4 Qa5 13. Qf2 Rb8 14. Kb1 O-O 15. g5 Bd7 16. h4 Rfc8
17. h5 Nb4 18. Bd2 Qb6 {1/2 Luther,T-Vogt,L Altensteig (01) 1992}) 8... b5 (
8... Ng6 9. Qe2 Be7 10. O-O-O b5 11. f4 h6 12. Qf2 Bd7 13. Kb1 Rb8 14. Be2 Na5
15. Nxa5 Qxa5 16. Bd3 $14 {Bologan,V-Frolov,A URS-ch58 (07) 1991 1-0 41}) 9.
Qe2 $6 (9. Qd2 Ne5) (9. f4 $5) 9... Na5 $1 10. O-O-O Nc4 11. f4 Qc7 12. Rd4 $6
(12. Bg2 $13) 12... Bb7 13. Rxc4 $2 bxc4 14. Qxc4 Qxc4 15. Bxc4 Nc6 $17 16. f5
Ne5 17. Na5 $6 (17. Be2 $17) 17... Nxc4 18. Nxc4 Rc8 19. Na5 Rxc3 $1 20. bxc3
Bxe4 $19 {^^ Pa2,c2,c3} 21. Rf1 h5 $1 22. fxe6 fxe6 23. g5 Be7 24. c4 Rf8 25.
Rxf8+ Bxf8 26. Kd2 Kd7 27. Nb3 e5 28. Nc1 Ke6 29. Ne2 h4 30. Nc3 Bc6 31. Kd3
Be7 {/\ Kf5} 32. Nd5 Bxd5 33. cxd5+ Kxd5 34. c4+ Ke6 35. Ke4 h3 $1 {P h2} 36.
a4 Bd8 37. g6 Bh4 {/\ Bg3} 38. Bg1 Be1 39. Kf3 Kf5 40. Ke2 Bb4 (40... Bb4 41.
Kf3 Bc5 $19) 0-1

[Event "Sigeman & Co 21st"]
[Site "Malmo"]
[Date "2013.05.26"]
[Round "5"]
[White "Short, Nigel D"]
[Black "Van Wely, Loek"]
[Result "1-0"]
[WhiteElo "2681"]
[BlackElo "2689"]
[Annotator "CB"]
[PlyCount "71"]
[EventDate "2013.05.22"]
[EventType "tourn"]
[EventRounds "7"]
[EventCountry "SWE"]
[EventCategory "15"]
[SourceTitle "CBM 155"]
[Source "ChessBase"]
[SourceDate "2013.07.16"]
[SourceVersion "1"]
[SourceVersionDate "2013.07.16"]
[SourceQuality "1"]

1. e4 c5 2. Nc3 e6 3. Nf3 a6 4. d4 cxd4 5. Nxd4 d6 6. g4 {Im Geiste des
Keres-Angriff, den Schwarz aber durch Rückstellung der Entwicklung des Sg8 zu
vermeiden suchte.} Ne7 {Wenn Weiß einen Sf6 angreifen möchte, dann ist es
wohl gut, wenn der Springer dort nicht hinzieht, wird sich Schwarz gedacht
haben.} ({Üblicher ist allerdings} 6... Nf6 {wonach Weiß mit} 7. Be3 ({oder} 
7. g5 {fortsetzt.})) 7. h4 ({Meist geschah hier} 7. Be3 {zum Beispiel:} b5 8.
a3 Bb7 9. Qd2 Nd7 10. O-O-O Rc8 11. g5 Nc5 12. Bg2 Ng6 13. f4 Nh4 14. Rhe1 Nxg2
15. Qxg2 Qa5 16. Kb1 b4 17. axb4 Qxb4 18. f5 Be7 19. g6 fxg6 20. fxe6 Bf6 21.
Na2 Qb6 22. Nb3 O-O 23. Qd2 Qxb3 24. cxb3 Bxe4+ 25. Qc2 Bxc2+ 26. Kxc2 Nxe6+
27. Nc3 Be5 28. Rd2 Rc6 {0-1 (28) Mulyar,M (2425)-Milov,V (2595) Las Vegas 2003
}) 7... b5 8. Bg2 Bb7 9. g5 Nbc6 ({In einer Vorgängerpartie geschah} 9... d5
10. exd5 Nxd5 11. Qg4 Ra7 12. Ne4 Nc6 13. Nxe6 Qd7 14. N4c5 Bxc5 15. Nxg7+ Kd8
16. Qxd7+ Kxd7 17. Bxd5 Nd4 18. Bxb7 Rxb7 19. Be3 Nxc2+ 20. Kd2 Bxe3+ 21. Kxc2
Rc7+ 22. Kd3 Bb6 23. Rac1 Rxc1 24. Rxc1 Bxf2 25. Nf5 Ke6 26. Ke4 Kd7 27. Rd1+
Kc7 28. Rc1+ Kd7 29. Rd1+ Kc7 30. Rd5 Re8+ 31. Re5 Re6 32. Rxe6 fxe6 33. Nd4
Kd6 34. Nf3 Ke7 35. h5 Bb6 36. Ne5 Bc7 37. Ng4 Kf7 38. Nh6+ Kg7 39. Ng4 Bd8 40.
Ke5 Bxg5 41. Kxe6 a5 42. b3 a4 43. bxa4 bxa4 {1/2-1/2 (43) Ahn,M (2350)
-Lemmers,O (2388) Belgium 2008}) 10. a3 g6 ({Die Alternative war} 10... Nxd4
11. Qxd4 Nc6 {wonach der Läufer auch nach e7 entwicklelt werden könnte.}) 11.
h5 Bg7 12. Nde2 ({Anstelle von} 12. Be3 {, was ebenfalls spielbar war.}) 12...
O-O 13. hxg6 hxg6 (13... fxg6 $5 14. Qd3 b4 $5) 14. Qd3 Re8 15. Qh3 d5 {
Die Öffnung des Zentrums wirkt angesichts des unrochierten weißen Königs
logisch. Doch Weiß behält alles unter Kontrolle.} ({Sehr in Betracht kam} 
15... b4 $5 16. Nd1 (16. axb4 Nxb4 {mit sehr lästigen Angriff auf c2.}) 16...
a5 {und hier schlagen führende Engines den Zug} 17. b3 {vor, denn} Bxa1 {
wäre ja Selbstmord wegen} (17... Kf8 18. Bb2 e5 $11) 18. c3 {und Matt. Na
bitte, auch Computer haben Humor.}) ({Auch} 15... Rc8 {ist spielbar.}) 16. exd5
exd5 {Schwarz möchte die e-Linie öffnen.} ({Besser war jedoch} 16... Nxd5 17.
Nxd5 (17. Bd2 b4 18. Ne4) 17... exd5 18. Be3 {mit der interessanten Idee} Rxe3
19. fxe3 (19. Qxe3 Ne5 20. Qh3 (20. O-O-O Nc4) (20. c3 Nc4 $11) 20... Nc4 21.
Qh7+ Kf8 22. Qh8+ Bxh8 23. Rxh8+ Ke7 24. Rxd8 Rxd8 25. O-O-O $11) 19... Qxg5
20. O-O-O Rd8 21. Nf4 $14) 17. Be3 d4 18. O-O-O dxc3 $5 {Schwarz bietet den
Tausch seiner Dame gegen Turm und Springer und Komplikationen an.} ({"Normal"
war} 18... Nf5 19. Ne4 {Droht Sxd4 und Sf6.} Kf8 20. Kb1 $14) 19. Nxc3 {
Weiß lehnt dankend ab.} ({Weiß konnte das Angebot aber wohl annehmen. Nach} 
19. Rxd8 cxb2+ 20. Kb1 Raxd8 21. Bc5 Rd2 22. Nf4 Red8 23. Nd3 {behält Weiß
die Kontrolle.}) 19... Qc8 20. Qh7+ Kf8 21. Ne4 {Es droht entscheidend Sf6,
gefolgt von Lc5 und Matt auf h8 oder g8.} Qf5 $2 ({Die einzige Verteidigung war
} 21... Ne5 {mit komplizierten Verwicklungen, ein paar Besipielvarianten:} 22.
Nf6 (22. Bd4 Qf5 23. Ng3 Qf4+ 24. Be3 Qxe3+ 25. fxe3 Bxg2 26. Rh2 Bf3 27. Rf1
Nd5 $11) 22... Bxg2 23. Bd4 (23. Nxe8 $2 Qxe8 24. Rhe1 Rc8 25. Bd4 Nf5 $19)
23... Nf5 24. Bxe5 (24. Bc3 {droht Lb4 Matt.} Qxc3 (24... a5 25. Rhe1 $18) 25.
bxc3 Bxh1 26. Qxh1 Rad8 (26... Red8 $2 27. Re1 Nc4 $2 28. Qh7 $18) 27. Nxe8
Rxe8 $11 {und Schwarz hält sich mit seinen drei Leichtfiguren für die Dame.})
24... Rxe5 25. Rd7 (25. Qg8+ $2 Ke7 $19) 25... Ne7 26. Qh8+ Bxh8 27. Rxh8+ Kg7
28. Rh7+ Kf8 29. Rh8+ $11 {mit Dauerschach.}) 22. Nf6 $18 Red8 (22... Bxf6 $4
23. gxf6 {nebst Matt auf g7.}) 23. Bd5 (23. Bh3 Qe5 24. Rd7 $19) 23... Rxd5 ({
Es drohte} 23... Z0 24. Qxg7+ Kxg7 25. Rh7+ Kf8 26. Rxf7#) 24. Rxd5 Qf3 $2 ({
Möglichkeit zu weiterem Widerstand bot} 24... Qxd5 25. Nxd5 Nxd5 26. Bc5+ Nce7
27. Re1 Re8 28. Qh2 Rc8 $18) 25. Nd7+ (25. Rhd1 $18) 25... Ke8 26. Rdd1 Nf5 27.
Nf6+ Ke7 28. Bc5+ (28. Rhe1 $18) 28... Ke6 29. Rhe1+ Ne5 30. Qh2 Bxf6 31. gxf6
Be4 {Schwarz baut sich vor dem König im Zentrum eine neue Rochadestellung aus
Figuren, doch es reicht nicht.} 32. Bd4 Nc6 (32... Nxd4 33. Rxd4 $18 {Le4 oder
Se5 fallen.}) 33. Bc3 Rc8 34. Rd3 Qg4 35. f3 Qg5+ 36. Kb1 1-0

[Event "BL2-West 9899"]
[Site "Germany"]
[Date "1999.??.??"]
[Round "5.1"]
[White "Chuchelov, Vladimir"]
[Black "Bastian, Herbert"]
[Result "1-0"]
[WhiteElo "2535"]
[BlackElo "2395"]
[Annotator "Chuchelov,V"]
[PlyCount "97"]
[EventDate "1998.10.??"]
[EventType "team-tourn"]
[EventRounds "9"]
[EventCountry "GER"]
[SourceTitle "GER-chT2"]
[Source "ChessBase"]
[SourceDate "1999.07.01"]
[SourceVersion "1"]
[SourceVersionDate "1999.07.01"]
[SourceQuality "1"]
[WhiteTeam "Andernach"]
[BlackTeam "Saarbruecken"]
[WhiteTeamCountry "GER"]
[BlackTeamCountry "GER"]

1. Nf3 c5 2. c4 Nc6 3. d4 cxd4 4. Nxd4 d6 5. Nc3 Nf6 6. e4 e6 7. Be2 Be7 8. O-O
O-O 9. Be3 a6 10. Rc1 Bd7 11. Nb3 $1 b6 12. f4 Qb8 13. g4 $36 Rc8 14. g5 Ne8
15. Bd3 $1 g6 16. Qd2 Ng7 17. Qf2 Nb4 18. Be2 (18. Bb1 $5) 18... b5 (18... Bd8
$142 19. Rfd1) 19. c5 $1 $16 a5 (19... dxc5 20. Nxc5 Be8 21. Rfd1) 20. cxd6
Bxd6 21. Rfd1 Be8 22. a3 Na6 23. Nxa5 b4 24. axb4 Bxb4 25. Nc4 Bc5 (25... Nc5
26. Nd6 Rc6 27. Nxe8 Nxe8 28. Bf3 $16) 26. Bxc5 Rxc5 (26... Nxc5 27. Nd6) 27.
Nd6 $6 (27. Ne5 $1 Rc8 (27... Rxe5 28. fxe5 Qxe5 29. Qg3 Qc5+ 30. Kh1 Qb6 31.
Ra1 $18) 28. Ng4 $18) 27... Qxb2 28. Qe3 (28. Nxe8 $6 Nxe8 29. Na4 Qxc1 30.
Rxc1 Rxc1+ 31. Kg2 Nb4 $132) 28... Qb6 29. Nxe8 $138 (29. e5 $16) 29... Rxg5+ (
29... Nxe8 30. e5 $16) 30. Kf2 Rg2+ 31. Kf3 Qxe3+ 32. Kxe3 Nxe8 33. Rh1 $1 (33.
Ra1 Rc8) 33... f5 34. exf5 Rxe2+ 35. Nxe2 exf5 36. Rhd1 $16 Nf6 37. Kf3 Nb4 38.
Rd4 Nbd5 39. Rcd1 Ra5 40. R1d3 Rc5 41. Ra4 Kg7 42. Rda3 $1 Kh6 43. Ra5 Rc4 44.
Rd3 Ne7 45. Rd6 Kg7 $2 (45... Ne4 $8 46. Re6 Rc7 47. Rae5 $140 (47. Ng3 $5 $16)
47... Nc6 48. Rxf5 Nc3 $1) 46. Ra7 Kf7 47. Nd4 $18 Rc3+ 48. Ke2 Rc5 49. Nc6 1-0

[Event "Winterthur"]
[Site "Winterthur"]
[Date "1996.??.??"]
[Round "5"]
[White "Gallagher, Joseph G"]
[Black "Vogt, Lothar"]
[Result "1-0"]
[WhiteElo "2530"]
[BlackElo "2505"]
[Annotator "Gallagher,J"]
[PlyCount "85"]
[EventDate "1996.09.??"]
[EventType "tourn"]
[EventRounds "11"]
[EventCountry "SUI"]
[EventCategory "9"]
[SourceTitle "CBM 055"]
[Source "ChessBase"]
[SourceDate "1996.12.01"]
[SourceVersion "1"]
[SourceVersionDate "1996.12.01"]
[SourceQuality "1"]

1. e4 c5 2. Nf3 e6 3. d4 cxd4 4. Nxd4 Nc6 5. Nc3 d6 6. g4 {Black's move order
is specifially designed to avoid the Keres Attack. The text is an inferior
version but leads to sharp positions.} a6 7. Be3 Nge7 8. Nb3 b5 9. Qe2 $5 (9.
f4 Bb7 10. Qf3 $6 {led to brilliant victory for Black in Shirov-J.Polgar,
Buenos Aires 1994:} g5 $1 {A positional pawn sacrifice to gain control of ...
e5.} 11. fxg5 Ne5 12. Qg2 b4 13. Ne2 h5 $1 14. gxh5 $6 Nf5 $1 15. Bf2 Qxg5 $1
16. Na5 Ne3 $3 17. Qg3 (17. Qxg5 Nf3#) 17... Qxg3 18. Nxg3 Nxc2+ 19. Kd1 Nxa1
20. Nxb7 b3 {and the knight escaped leaving Black an exchange to good.}) 9...
Bb7 10. f4 Na5 {Perhaps 10...g5!? is even playable here.} 11. Nxa5 Qxa5 12. Bg2
Ng6 $6 {I think 12...Nc6 or 12...Rc8 are better when I would have castled
short.} 13. Qf2 $1 {Preventing ...Nh4 and preparing to embarass the black
queen with Bb6.} Rc8 14. Bb6 Qb4 15. O-O-O $1 Qc4 (15... Rxc3 {is not good
enough as Black has no piecies to fuel the attack, e.g.} 16. bxc3 Qxc3 17. Bd4
Qa3+ 18. Bb2 Qxa2 19. Qb6) 16. h4 $6 {My original intention was to play 16.a3!,
but then I noticed that 16...b4 can be met by 17.Rd4 so I thought I had time
for the text. After 16.a3 Qc6 17.Be3 White is clearly better.} Qc6 $1 {With
the very annoying threat of 17...Nxf4.} 17. Be3 $1 {At first I wanted to play}
(17. Nd5 {, but rejected this because of} exd5 18. exd5 Qc4 {when} 19. Rhe1+
Be7 20. Rd4 Qxa2 21. h5 Qa1+ 22. Kd2 Qxb2 {is completely out of the question.})
17... b4 {[#]} 18. Nd5 $5 {18.Nb1 was playable but not in keeping with my mood.
} exd5 19. exd5 Qa4 20. Kb1 {White has only a pawn for the piece and no
immediate threats but Black's kingside is in a tangle as both his bishop an
knight need the e7 square.} h5 21. g5 $1 Be7 22. Bd4 O-O (22... Nxf4 23. b3 $1)
23. f5 Ne5 {[#]} 24. f6 $5 {A pretty crazy move. When playing 21.g5 I had
intended the sensible} (24. Bxe5 dxe5 25. d6 Bxg2 26. dxe7 Bxh1 (26... Be4 27.
exf8=Q+ Kxf8 28. Rc1 {transposes}) 27. exf8=Q+ Kxf8 28. Rxh1 {with some
advantage to White as Black has problems with his h5 and e5 pawns. However, on
reaching the position I couldn't stop myself from playing the text.}) 24... Ng4
(24... Bd8 25. fxg7 Kxg7 26. Be4 $1 {followed by ...Qf5 looks very dangerous
for Black.}) 25. Qd2 Bd8 (25... gxf6 26. gxf6 Bxf6 27. Bxf6 Nxf6 28. Qg5+ Kh7
29. Qf5+ {is good for White.}) 26. fxg7 Re8 {Unfortunately I had less than ten
minutes left at this point; not much to dwell on the numerous attacking
possibilities.} 27. Bf3 (27. g6 fxg6 28. Bf3 {was an alternative.}) 27... Ne5
28. Bxh5 $6 {I wanted to play} (28. g6 {but I didn't have enough time to work
it out. Here's one amusing line from our post mortem:} Nxf3 29. gxf7+ Kxf7 30.
g8=Q+ Rxg8 31. Qf4+ Ke8 32. Rhe1+ Nxe1 33. Rxe1+ Be7 34. Rxe7+ Kxe7 35. Qf6+
Ke8 36. Qe6+ Kf8 (36... Kd8 37. Bb6+ Rc7 38. Qxg8+ Kd7 39. Qe6+) 37. Qf6+ Ke8
38. Qe6+ {with perpetual check.}) 28... Bxd5 29. b3 Qc6 30. Rhe1 {30.Rhf1 is
probably better.} Be4 31. Rc1 Qd5 32. g6 $5 {This probably deserves a "?" (32.
Qf2 or 32.Qf4 were objectively stronger) but as it won me the game I won't be
so harsh.} Bf6 $2 {The losing move.} (32... Nxg6 33. Bxg6 fxg6 34. Rxe4 (34.
Qh6 $4 Bxc2+ $1) 34... Qxe4 35. Qh6 {is also winning for White as} Qxd4 36.
Qh8+ Kf7 37. g8=Q+ Rxg8 38. Qxd4 {picks up the black queen.}) (32... fxg6 $1 {
looks good for Black, e.g.} 33. Qh6 Qxd4 $1 34. Qh8+ (34. Rf1 Nf7) 34... Kf7
35. Rf1+ Ke7 36. Qh7 {36.Qxe8 and 36.Qf8+ are similar while 36.Rf8+ allows
mate starting with 36...Bxc2+.} Ke6 $1 {and White has nothing better than} 37.
g8=Q+ Rxg8 38. Qxg8+ Kd7 {with advantage for Black.}) 33. Rxe4 Qxe4 34. gxf7+
Nxf7 35. Bxf6 {Suddenly its all over.} Qf5 36. Bxf7+ Kxf7 37. Bb2 Kg8 38. Qh6
Qh7 39. Qxd6 Qf5 40. Qh6 Rxc2 41. Qh8+ Kf7 42. Qxe8+ Kxe8 43. g8=Q+ 1-0

[Event "EU-chT (Men) 13th"]
[Site "Leon"]
[Date "2001.11.10"]
[Round "5.1"]
[White "Gelfand, Boris"]
[Black "Papaioannou, Ioannis"]
[Result "1/2-1/2"]
[WhiteElo "2701"]
[BlackElo "2591"]
[Annotator "Gelfand,B"]
[PlyCount "98"]
[EventDate "2001.11.06"]
[EventType "team-swiss"]
[EventRounds "9"]
[EventCountry "ESP"]
[SourceTitle "CBM 086"]
[Source "ChessBase"]
[SourceDate "2002.02.05"]
[SourceVersion "1"]
[SourceVersionDate "2002.02.05"]
[SourceQuality "1"]
[WhiteTeam "Israel"]
[BlackTeam "Greece"]
[WhiteTeamCountry "ISR"]
[BlackTeamCountry "GRE"]

1. Nf3 Nf6 2. c4 c5 3. Nc3 e6 4. e4 d6 5. d4 cxd4 6. Nxd4 Be7 7. Be2 O-O 8. O-O
a6 9. Be3 Nc6 $6 (9... b6) 10. Rc1 Bd7 11. Nb3 b6 12. f4 Bc8 $146 (12... Qb8
13. g4 $36 Rc8 14. g5 Ne8 15. Bd3 $1 g6 16. Qd2 Ng7 17. Qf2 Nb4 18. Be2 (18.
Bb1 $5 {Chuchelov}) 18... b5 (18... Bd8 $142 {Chuchelov} 19. Rfd1) 19. c5 $1
$16 {1-0 Chuchelov,V-Bastian,H/Germany 1999/GER-chT2/[Chuchelov] (49)}) 13. Bf3
Bb7 14. Qe2 Nd7 15. Rfd1 Qb8 (15... Re8 $142) 16. Na4 $1 Qc7 17. Qf2 b5 (17...
Nc5 $5 18. Nxb6 $3 Qxb6 19. e5 $1 Qb4 $1 20. exd6 Nxb3 21. dxe7 Nxe7 22. axb3
Bxf3 23. Qxf3 Qxb3 24. Bc5 $1 Qxf3 25. gxf3 Rfe8 26. b4 $16) 18. Nb6 (18. cxb5
axb5 19. Nc3 Qb8 $14 (19... b4 20. Nb5 Qb8 21. Qd2 Rxa2 22. Nxd6 Bxd6 23. Qxd6
Rxb2 $132)) 18... Nxb6 (18... Rae8 19. Nxd7 Qxd7 20. e5) (18... Rad8 19. Nd5
exd5 20. cxd5 Nc5 21. dxc6 Bxc6 22. Nd4 $18) 19. Bxb6 Qb8 20. c5 (20. e5 $5
bxc4 21. exd6 Bxd6 22. Rxc4 Nd8 $16) 20... e5 21. cxd6 Bxd6 22. Nc5 Bxc5 23.
Bxc5 Rd8 24. f5 f6 25. Rd5 $5 (25. Bb6 $5 Rxd1+ 26. Bxd1 Nd4 27. Bxd4 exd4 28.
Qxd4 Qf4 29. Bb3+ Kh8 30. Re1 $16) 25... Nd4 (25... Rc8 26. Rd7 Rd8 27. Bd6
Rxd7 28. Bxb8 Rxb8 29. Qb6 $18) 26. Rxd8+ Qxd8 27. Bxd4 exd4 28. Rd1 d3 29. Qe3
Qe7 30. Qxd3 Re8 31. Qd4 Qc7 32. b4 Qc2 33. Qd3 (33. Rd2 Qc1+ (33... Qb1+ 34.
Kf2 Bxe4 35. Re2 Bc6 36. Bd5+ $1 $18) 34. Kf2 Qc7 35. h3 $16) 33... Qxd3 $2 (
33... Qxa2 34. Qd7 Qf7 35. Qxf7+ Kxf7 36. Rd7+ Re7 37. Bh5+ g6 38. fxg6+ hxg6
39. Bxg6+ $18) (33... Qc7 $16) 34. Rxd3 Bxe4 35. Re3 Bc6 36. Rxe8+ $4 (36. Kf2
$1 Rc8 37. Rc3 Bd7 38. Rxc8+ Bxc8 39. Ke3 $18) 36... Bxe8 37. Bb7 Kf8 38. Bxa6
Bd7 39. Kf2 Ke7 40. g4 Kd6 41. Bb7 g6 42. fxg6 hxg6 43. Bf3 g5 44. Ke3 Ke5 45.
a3 Be8 46. Be2 Bd7 47. Bd3 Be8 48. Bf5 Bc6 49. Kd3 Be8 1/2-1/2

[Event "RUS-ch51"]
[Site "St Petersburg"]
[Date "1998.08.02"]
[Round "6"]
[White "Yemelin, Vasily"]
[Black "Zvjaginsev, Vadim"]
[Result "1-0"]
[WhiteElo "2510"]
[BlackElo "2650"]
[Annotator "Gofshtein,L"]
[PlyCount "75"]
[EventDate "1998.07.28"]
[EventType "swiss"]
[EventRounds "11"]
[EventCountry "RUS"]
[SourceTitle "CBM 067"]
[Source "ChessBase"]
[SourceDate "1998.11.30"]
[SourceVersion "2"]
[SourceVersionDate "1998.11.01"]
[SourceQuality "1"]

1. e4 c5 2. Nf3 e6 3. d4 cxd4 4. Nxd4 Nc6 5. Nc3 d6 6. g4 a6 (6... h6 7. h4 a6
8. Bg2 Be7 9. Be3 Nxd4 10. Qxd4 e5 11. Qd1 Be6 12. Nd5 Rc8 13. c3 Nf6 $132 {
Karpov-Kasparov,Moskva1985}) 7. Be3 Bd7 $6 (7... h6 $5 8. Qd2 $6 Nf6 9. Rg1 h5
$5 $132) 8. g5 Nge7 9. f4 b5 (9... e5 10. Nf3 (10. Nxc6 Bxc6 11. f5 Nxf5) 10...
exf4 11. Bxf4 Ng6 12. Be3 $1 (12. Bxd6 Bg4) 12... Be6 13. Nd5 $14) (9... Nxd4
10. Qxd4 Nc6 (10... e5 11. fxe5 Nc6 12. Qd1 Nxe5 13. Nd5 $14) 11. Qd2 h6 12. h4
hxg5 13. fxg5 Qc7 $13) 10. Qd2 h6 $6 (10... Na5 $142) 11. gxh6 Rxh6 12. O-O-O
Na5 $2 (12... Nxd4 $142 13. Qxd4 Nc6 14. Qd2 Qc7 $14) 13. f5 Rh8 14. fxe6 fxe6
15. e5 $1 $16 {->} d5 (15... dxe5 $143 16. Nf3 Bc6 (16... Nf5 17. Bg5 Qc7 18.
Nxe5 $40) 17. Qf2 Qc8 (17... Nd5 18. Nxe5) 18. Nxe5 Nf5 19. Bg2 $16) 16. Qf2 b4
(16... Qc7 17. Nxe6 Bxe6 18. Bb6 $18) 17. Nce2 Nc4 18. Bg5 Qb6 (18... Qa5 19.
Kb1 O-O-O 20. Nf4 Nxe5 21. Ndxe6 $16) 19. Nf4 Nxe5 $8 20. Bh3 Rxh3 21. Nxh3
O-O-O 22. Rhf1 N5g6 23. Nf4 $1 e5 (23... Nxf4 24. Qxf4 Re8 25. Qxf8 $18) 24.
Nxg6 Qxg6 25. Qh4 $1 $18 Re8 26. Rxf8 Rxf8 27. Bxe7 Re8 28. Nb3 d4 29. Bxb4 Bf5
30. Qf2 Re6 31. Rg1 Qh6+ 32. Bd2 Qh7 33. Qg2 e4 34. Nxd4 Rg6 35. Bg5 Rd6 36.
Qg3 Kd7 37. Nxf5 Qxf5 38. Bf4 1-0